| 000 | 00380nam a2200133Ia 4500 | ||
|---|---|---|---|
| 008 | 231129s2008||||xx |||||||||||||| ||spa|| | ||
| 040 | _bspa | ||
| 082 | _a346.0135 C718n | ||
| 100 | _aColombia. Presidencia de la República | ||
| 245 | 0 | _aNueva ley de la infancia y la adolescencia: ley 1098 del 8 de Nov. de 2006 | |
| 260 | _c2008 | ||
| 264 | _aLito Imperio | ||
| 942 |
_2ddc _cBKS |
||
| 999 |
_c21872 _d21872 |
||